000 00454nam a2200181Ia 4500
008 230711s9999||||xx |||||||||||||| ||und||
020 _a978-0-07-058389-4
041 _aENG
082 _a621.317
_bSI-P
100 _aSingh,M.D
245 0 _aPower electronics
250 _a2nd Ed.
260 _c2012
_aNew Delhi
_bTata McGraw Hill Education Limited
300 _a1071
650 _aElectrical Engineering
700 _aKhanchandani,K.B
942 _cBK
999 _c8472
_d8472